Les plus grandes agglomérations de France - Statistiques

Statistiques générales
  • Ce quiz a été pris 128 fois
  • Le résultat moyen est 16 sur 20
Statistiques - réponses
Population Réponse % Correct
1 716 050 Lyon
100%
1 635 154 Marseille
100%
10 944 094 Paris
100%
1 022 534 Bordeaux
99%
1 063 472 Lille
99%
489 538 Strasbourg
99%
1 081 726 Toulouse
99%
375 940 Rennes
98%
683 313 Nantes
96%
973 296 Nice
95%
480 915 Montpellier
88%
456 093 Grenoble
86%
375 797 Saint-Etienne
77%
600 052 Toulon
76%
478 593 Rouen
74%
367 484 Tours
62%
505 515 Lens
48%
466 924 Avignon
46%
332 838 Valenciennes
23%
356 543 Béthune
14%
Aucun quiz correspondant
Distribution des résultats
% des personnes avec chaque résultat
Percentile par nombre de réponses
Votre historique - résultats
Vous n’avez pas pris ce quiz